| 000 | 00804cam a2200313 4500 | ||
|---|---|---|---|
| 008 | 000000n2001 000 0 eng u | ||
| 020 | _a1861343477 | ||
| 035 | _a(Sirsi) u112985 | ||
| 050 | _a338.73 | ||
| 100 |
_aBalloch, S. _xeditor |
||
| 245 | _aPartnership working : policy and practice. | ||
| 260 |
_aBristol _bPolicy Press _c2001 |
||
| 300 | _avii, 296 p. ; 23cm. | ||
| 350 | _a45.00 | ||
| 650 | _aHEALTH | ||
| 650 | _aHEALTH CARE | ||
| 650 | _aINCLUSION | ||
| 650 | _aLOCAL AUTHORITIES | ||
| 650 | _aPARTICIPATION | ||
| 650 | _aPARTNERING | ||
| 650 | _aPARTNERSHIPS | ||
| 650 | _aPUBLIC SERVICES | ||
| 650 | _aSOCIAL EXCLUSION | ||
| 650 | _aSOCIAL SERVICES | ||
| 650 | _aURBAN REGENERATION | ||
| 690 | _aLOCAL GOVERNMENT | ||
| 700 |
_aTaylor, M. _xeditor |
||
| 942 | _n0 | ||
| 999 |
_c101488 _d101488 |
||